Varities of history from voltaire to the present (Record no. 413502)

000 -LEADER
fixed length control field 00337cam a22001217a 4500
008 - FIXED-LENGTH DATA ELEMENTS--GENERAL INFORMATION
fixed length control field 180718b xxu||||| |||| 00| 0 eng d
082 ## - DEWEY DECIMAL CLASSIFICATION NUMBER
Classification number A60 St45
245 ## - TITLE STATEMENT
Title Varities of history from voltaire to the present
Statement of responsibility, etc. edited by Fritz Stern
260 ## - PUBLICATION, DISTRIBUTION, ETC.
Place of publication, distribution, etc. London
Name of publisher, distributor, etc. Maridian
Date of publication, distribution, etc.
300 ## - PHYSICAL DESCRIPTION
Extent 427p.
650 ## - SUBJECT ADDED ENTRY--TOPICAL TERM
Topical term or geographic name entry element Historiography
700 ## - ADDED ENTRY--PERSONAL NAME
Personal name Stern Fritz,ed
Holdings
Withdrawn status Lost status Damaged status Not for loan Permanent Location Current Location Date acquired Full call number Barcode Date last seen Price effective from Koha item type
        Indian Institute of Public Administration Indian Institute of Public Administration 2009-02-16 A60 St45 7075 2018-07-21 2018-07-21 Book

Powered by Koha